MARC

LEADER 00000nam0a2200000 4500
001 176722
005 20231101223307.0
035 |a (RuTPU)RU\TPU\book\191614 
035 |a RU\TPU\book\186139 
090 |a 176722 
100 |a 20100303d1937 k y0rusy50 ca 
101 0 |a rus 
102 |a RU 
105 |a y z 101zy 
200 1 |a Международный геологический конгресс  |e XVII сессия, СССР, 1937  |e тезисы докладов 
210 |a Москва  |c ОНТИ НКТП  |d 1937  |a Ленинград 
215 |a 259 с. 
606 |a Геология  |2 stltpush  |3 (RuTPU)RU\TPU\subj\6095  |9 34054 
610 1 |a геология 
610 1 |a геологические конгрессы 
610 1 |a мировые запасы 
610 1 |a угольные месторождения 
610 1 |a полезные ископаемые 
610 1 |a стратиграфическое положение 
610 1 |a тектонические процессы 
610 1 |a магматические образования 
610 1 |a рудные месторождения 
610 1 |a рудные месторождения 
610 1 |a геохимия 
610 1 |a геофизические методы 
610 1 |a Арктика 
610 1 |a палеоклимат 
675 |a 55  |v 3 
801 1 |a RU  |b 63413507  |c 20091207 
801 2 |a RU  |b 63413507  |c 20181224  |g RCR 
942 |c BK